Paroles: Je Pars - Camélia Jordana - Statistiques

Statistiques générales
  • Ce quiz a été pris 3 fois
  • Le résultat moyen est 159 sur 287
Statistiques - réponses
Réponse % Correct
à
100%
ai
100%
aime
100%
c'
100%
C'
100%
ce
100%
cœur
100%
coeur
100%
D'
100%
d'
100%
Dans
100%
dans
100%
de
100%
des
100%
est
100%
et
100%
Et
100%
fais
100%
J'
100%
j'
100%
je
100%
Je
100%
l'
100%
La
100%
le
100%
Le
100%
les
100%
mais
100%
Mais
100%
Mon
100%
mon
100%
pars
100%
pas
100%
Pas
100%
s'
100%
sa
100%
t'
100%
une
100%
y'
100%
aimer
67%
au
67%
croire
67%
en
67%
ont
67%
pour
67%
qu'
67%
que
67%
qui
67%
reste
67%
rien
67%
se
67%
sont
67%
ta
67%
temps
67%
tes
67%
toi
67%
avait
33%
encore
33%
faire
33%
heure
33%
main
33%
noire
33%
nuit
33%
petites
33%
pleure
33%
revoir
33%
semblant
33%
sur
33%
trop
33%
va
33%
veux
33%
ailleurs
0%
amoureux
0%
annoncé
0%
aube
0%
avant
0%
clairs
0%
couleurs
0%
cours
0%
défile
0%
dehors
0%
déjà
0%
départ
0%
dernier
0%
devant
0%
Drôle
0%
éphémères
0%
facile
0%
ferme
0%
ferment
0%
file
0%
filles
0%
haut-parleurs
0%
là-haut
0%
lueurs
0%
maintenant
0%
meurt
0%
murmurer
0%
orage
0%
ordinaires
0%
Parce
0%
part
0%
passe
0%
paysage
0%
peur
0%
pleurer
0%
pleurs
0%
portes
0%
profile
0%
quai
0%
résonnent
0%
rivage
0%
rumeur
0%
sage
0%
sauvage
0%
séparent
0%
Septembre
0%
sers
0%
Signal
0%
sonore
0%
souvent
0%
tard
0%
taxi
0%
train
0%
vent
0%
venus
0%
vite
0%
voir
0%
yeux
0%
Aucun quiz correspondant
Distribution des résultats
% des personnes avec chaque résultat
Percentile par nombre de réponses
Votre historique - résultats
Vous n’avez pas pris ce quiz